Catálogo

Álbum mexicano : (Registro nro. 60191)

Detalles MARC
000 -LEADER
fixed length control field 01972cam a2200385 i 4500
001 - CONTROL NUMBER
control field 60191
003 - CONTROL NUMBER IDENTIFIER
control field Mx-PuUPA
005 - DATE AND TIME OF LATEST TRANSACTION
control field 20221208110947.0
008 - FIXED-LENGTH DATA ELEMENTS--GENERAL INFORMATION
fixed length control field 140415s1983 mx fh gr 000 0 spa d
040 ## - CATALOGING SOURCE
Original cataloging agency Mx-PuUPA
Language of cataloging spa
Transcribing agency Mx-PuUPA
Modifying agency Mx-PuUPA
Description conventions rda
041 0# - LANGUAGE CODE
Language code of text/sound track or separate title spa
245 00 - TITLE STATEMENT
Title Álbum mexicano :
Remainder of title colección de paisajes, monumentos, costumbres y ciudades principales de la república /
Statement of responsibility, etc. litografiadas por C. Castro, A. Gallice, M. Mohar, E. Pérez y J. Álvarez ; introducción, Graciela Romandía de Cantú
250 ## - EDITION STATEMENT
Edition statement Facsimilar
264 #1 - PRODUCTION, PUBLICATION, DISTRIBUTION, MANUFACTURE, AND COPYRIGHT NOTICE
Place of production, publication, distribution, manufacture México, D.F. :
Name of producer, publisher, distributor, manufacturer Celanese Mexicana,
Date of production, publication, distribution, manufacture, or copyright notice 1983
300 ## - PHYSICAL DESCRIPTION
Extent 8 páginas, 26 hojas de litografias :
Other physical details facsímil ;
Dimensions 40 cm
336 ## - CONTENT TYPE
Fuente rdacontent
Content type term texto
Content type code txt
336 ## - CONTENT TYPE
Fuente rdacontent
Content type term imagen fija
Content type code sti
337 ## - MEDIA TYPE
Source rdamedia
Media type term sin medio
Media type code n
338 ## - CARRIER TYPE
Source rdacarrier
Carrier type term volumen
Carrier type code nc
500 ## - GENERAL NOTE
General note "Tomo 1°"-- Página [11].<br/>Ítem ilustrado con 25 láminas litográficas coloreadas y 3 láminas litográficas coloreadas.<br/>Ítem encuadernado con tapa dura en tela tipo arpillera con títulos de cuero pegado en la cubierta y el lomo.<br/>
534 ## - ORIGINAL VERSION NOTE
Introductory phrase Facsímil de:
Title statement of original Album mexicano : colección de paisajes, monumentos, costumbres y ciudades principales de la república.
Publication, distribution, etc. of original México : Antigua Litografía Debray sucs., C. Montauriol, [aproximadamente 1885].
Note about original Tomo 1. El único publicado.
Location of original En la University of Texas at San Antonio, Estados Unidos.
546 ## - LANGUAGE NOTE
Language note Leyendas de las planchas en español, inglés y francés.
650 #7 - SUBJECT ADDED ENTRY--TOPICAL TERM
Topical term or geographic name entry element Litografía
General subdivision México
650 #7 - SUBJECT ADDED ENTRY--TOPICAL TERM
Source of heading or term armarc
Topical term or geographic name entry element Paisaje
Geographic subdivision México
650 #7 - SUBJECT ADDED ENTRY--TOPICAL TERM
Source of heading or term armarc
Topical term or geographic name entry element Litografía
General subdivision Artes gráficas
700 1# - ADDED ENTRY--PERSONAL NAME
Personal name Castro, C.,
Relator term litógrafo
700 1# - ADDED ENTRY--PERSONAL NAME
Personal name Gallice, A.,
Relator term litógrafo
700 1# - ADDED ENTRY--PERSONAL NAME
Personal name Mohar, M.,
Relator term litógrafo
700 1# - ADDED ENTRY--PERSONAL NAME
Personal name Pérez, E.,
Relator term litógrafo
700 1# - ADDED ENTRY--PERSONAL NAME
Personal name Álvarez, J.
Relator term litógrafo
700 1# - ADDED ENTRY--PERSONAL NAME
Personal name Romandía de Cantú, Graciela,
Relator term autor de introducción
942 ## - ADDED ENTRY ELEMENTS (KOHA)
Source of classification or shelving scheme Dewey Decimal Classification
Koha item type Libro
Classification part 763
Item part A325
Existencias
Withdrawn status Lost status Source of classification or shelving scheme Damaged status Not for loan Collection code Home library Current library Shelving location Date acquired Source of acquisition Serial Enumeration / chronology Total Checkouts Full call number Barcode Date last seen Price effective from Koha item type
    Dewey Decimal Classification   Consulta en sala Márquez Rodiles Biblioteca Karol Wojtyla Biblioteca Karol Wojtyla Sala "Colecciones Especiales" 03/12/2013 Compra t.1   763 A325 1983 90737 05/01/2026 03/12/2013 Folio